Wildlife Disease Emergency Act of 2011 : report (to accompany S. 357) (including cost estimate of the Congressional Budget Office).

Bibliographic Details
Corporate Author: United States. Congress. Senate. Committee on Environment and Public Works
Format: Government Document eBook
Language:English
Published: [Washington, D.C.] : [U.S. G.P.O.], [2012]
Series:Report / 112th Congress, 2d session, Senate ; 112-214
Subjects:
Online Access:Text version:
PDF version:
PDF version:
Text version:

MARC

Tag First Indicator Second Indicator Subfields
LEADER 00000cam a2200000 a 4500
001 in00002779430
005 20150922135400.0
006 m o d f
007 cr bn|||||||||
008 120921s2012 dcu o f000 0 eng c
035 |a (OCoLC)ocn810450310 
040 |a GPO  |c GPO  |d GPO  |d OCLCQ  |d GPO  |d MvI  |d UtOrBLW 
042 |a pcc 
043 |a n-us--- 
049 |a WWW 
050 1 4 |a KF31  |b .E58 2012m 
074 |a 1008-G (online) 
086 0 |a Y 1.1/5:112-214 
110 1 |a United States.  |b Congress.  |b Senate.  |b Committee on Environment and Public Works. 
245 1 0 |a Wildlife Disease Emergency Act of 2011 :  |b report (to accompany S. 357) (including cost estimate of the Congressional Budget Office). 
264 1 |a [Washington, D.C.] :  |b [U.S. G.P.O.],  |c [2012] 
300 |a 1 online resource (5 pages). 
336 |a text  |b txt  |2 rdacontent 
337 |a computer  |b c  |2 rdamedia 
338 |a online resource  |b cr  |2 rdacarrier 
490 1 |a Report / 112th Congress, 2d session, Senate ;  |v 112-214 
500 |a Title from title screen (viewed Sept. 21, 2012). 
500 |a "September 19, 2012." 
500 |a Electronic resource. 
650 0 |a Wildlife diseases  |x Government policy  |z United States. 
650 0 |a Endangered species  |x Law and legislation  |z United States. 
610 1 0 |a United States.  |b Department of the Interior  |x Rules and practice. 
776 0 8 |i Print version:  |a United States. Congress. Senate. Committee on Environment and Public Works.  |t Wildlife Disease Emergency Act of 2011  |w (OCoLC)813830133 
776 0 8 |i Microfiche:  |a United States. Congress. Senate. Committee on Environment and Public Works.  |t Wildlife Disease Emergency Act of 2011  |w (OCoLC)823635304 
810 1 |a United States.  |b Congress.  |b Senate.  |t Report ;  |v 112-214. 
856 4 0 |3 Text version:  |u http://purl.fdlp.gov/GPO/gpo28539  |t 0 
856 4 0 |3 PDF version:  |u http://purl.fdlp.gov/GPO/gpo28540  |t 0 
856 4 0 |3 PDF version:  |u http://purl.fdlp.gov/GPO/gpo28539  |t 0 
856 4 0 |3 Text version:  |u http://purl.fdlp.gov/GPO/gpo28540  |t 0 
999 |a MARS 
999 f f |s 623362c5-ecd3-3ad6-8a44-45e1e02adb44  |i ae780556-48da-3bfa-8386-7fd9aab53bb1  |t 0 
952 f f |a Texas A&M University  |b College Station  |c Electronic Resources  |d Available Online  |t 0  |e Y 1.1/5:112-214  |h Superintendent of Documents classification 
998 f f |a Y 1.1/5:112-214  |t 0  |l Available Online